000 00384 a2200169 4500
001 190255
020 _a978-85-02-04174-5
040 _cMagnum
100 _aGaldino, Luiz
240 1 0 _aQuando vovô virou borboleta
_lpor
245 1 0 _aQuando vovô virou borboleta
300 _a46
362 0 _a2010
440 1 _aSaraiva
697 _aLITERATURA INFANTO-JUVENIL
942 _cBK
999 _c190255
_d190255